A arte moderna com o historicamente-sublime - Um comentário sobre o conceito de sublime na Teoria Estética de Th. Adorno (Record no. 602587)
[ view plain ]
| 000 -CABECERA | |
|---|---|
| Campo de control de longitud fija | 00528nab a2200145Ia 4500 |
| 003 - IDENTIFICADOR DEL NÚMERO DE CONTROL | |
| Campo de control | ES-SlBCS |
| 005 - FECHA Y HORA DE LA ÚLTIMA TRANSACCIÓN | |
| Campo de control | 20210601133821.0 |
| 008 - CÓDIGOS DE INFORMACIÓN DE LONGITUD FIJA | |
| Campo de control de longitud fija | 140529s2013 xxu||||| |||| 00| 0 por d |
| 041 ## - CÓDIGO DE LENGUA | |
| Código de lengua del texto/banda sonora o título independiente | por |
| 100 1# - PUNTO DE ACCESO PRINCIPAL-NOMBRE DE PERSONA | |
| Nombre de persona | Freitas, Verlaine |
| 9 (RLIN) | 65628 |
| 245 02 - MENCIÓN DE TÍTULO | |
| Título | A arte moderna com o historicamente-sublime - Um comentário sobre o conceito de sublime na Teoria Estética de Th. Adorno |
| Mención de responsabilidad, etc. | Verlaine Freitas |
| 600 14 - PUNTO DE ACCESO ADICIONAL DE MATERIA-NOMBRE DE PERSONA | |
| Nombre personal | Adorno, Theodor W. |
| Fechas asociadas con el nombre | , 1903-1969 |
| 9 (RLIN) | 13032 |
| 773 0# - ENLACE AL DOCUMENTO FUENTE | |
| Título | Kriterion |
| Parte(s) relacionada(s) | vol. 54, nº. 127, 2013, págs. 157-176 |
| Número de control del registro relacionado | Rev964 |
| 942 ## - ENTRADA DE ELEMENTOS AGREGADOS (KOHA) | |
| Koha [por defecto] tipo de item | Artículos de revista |
| Suprimido | Perdido | Estropeado | No para préstamo | Localización permanente | Localización actual | Localización en estantería | Fecha adquisición | Préstamos totales | Fecha última consulta | Fecha del precio de reemplazo | Tipo de item de Koha |
|---|---|---|---|---|---|---|---|---|---|---|---|
| San Esteban | San Esteban | Depósito de revistas | 11/07/2014 | 11/07/2014 | 11/07/2014 | Artículos de revista |
